| 000 | 00489nam a2200157 a 4500 | ||
|---|---|---|---|
| 001 | 000030295 | ||
| 005 | 20200930060216.0 | ||
| 008 | 110509s1978 dr 000 0 spa d | ||
| 040 |
_aDO-SdBNP _bspa _cBNPHU |
||
| 082 |
_axxx _bR426p |
||
| 110 | 1 |
_aRepública Dominicana _bSecretariado Técnico de la Presidencia _932024 |
|
| 245 | 1 | 0 | _aPresidencia de la República. |
| 260 |
_aSanto Domingo : _bSecretariado Técnico de la Presidencia, _c1978. |
||
| 300 |
_a39 p. ; _c29 cm. |
||
| 049 | _aBNPD | ||
| 999 |
_c29787 _d29787 |
||